000 00791nam a2200265 i 4500
001 18646
003 ES-MaACL
005 20230906151904.0
007 t|
008 020215s1996 sp ||||0| spa j
020 _a84-88306-26-1
040 _aM-BN
_bspa
_cM-BN
080 _a32 Schmitt, Carl
245 0 0 _aEstudios sobre Carl Schmitt /
_cDalmacio Negro Pavón (coordinador).
260 _aMadrid :
_bFundación Cánovas del Castillo,
_c[1996]
300 _a486 p ;
_c21 cm.
490 1 _aVeintiuno
504 _aBibliografía: p. 465-486.
600 1 4 _aSchmitt, Carl.
_9104517
700 1 _aNegro Pavón, Dalmacio.
_985316
710 2 _aFundación Cánovas del Castillo.
_94244
830 0 _aVeintiuno
_9180481
852 _aES-MaACL
_jL-25221
_bR.13817
999 _c18646
_d18646